Stolice wszystkich województw - Statystyki

Ogólne statystyki
  • Ten quiz został rozwiązany 890 razy
  • Średni wynik to 14 z 16
Statystyki odpowiedzi
województwo stolica % Poprawnych
pomorskie Gdańsk
96%
łódzkie Łódź
95%
mazowieckie Warszawa
95%
zachodniopomorskie Szczecin
93%
wielkopolskie Poznań
90%
lubelskie Lublin
89%
podlaskie Białystok
88%
opolskie Opole
86%
małopolskie Kraków
84%
kujawsko-pomorskie Bydgoszcz/Toruń
82%
śląskie Katowice
80%
dolnośląskie Wrocław
79%
świętokrzyskie Kielce
78%
warmińsko-mazurskie Olsztyn
78%
lubuskie Zielona Góra/Gorzów Wielkopolski
78%
podkarpackie Rzeszów
72%
Nie znaleziono quizów pasujących do podanych kryteriów
Rozkład punktacji
Procent ludzi z każdym wynikiem
Percentyl według liczby udzielonych odpowiedzi
Twoja historia wyników
Nie rozwiązałeś tego quizu